| 000 | 00958cam a2200337 4500 | ||
|---|---|---|---|
| 001 | ABS65699 | ||
| 008 | 020722n2002 000 0 eng u | ||
| 035 | _a(Sirsi) u118971 | ||
| 245 | _aRegional survey: East Midlands | ||
| 260 | _c2002 | ||
| 490 |
_aProperty Week _v67(27) 12 July 2002, 49-64(8) |
||
| 590 | _aABS | ||
| 650 | _aEAST MIDLANDS | ||
| 650 | _aNOTTINGHAM | ||
| 650 | _aDERBY | ||
| 650 | _aSHOPPING CENTRES | ||
| 650 | _aWESTFIELD | ||
| 650 | _aPROPERTY-COMMERCIAL PROPERTY-RETAIL PROPERTY-RETAIL PROPERTY MARKET | ||
| 650 | _aINDUSTRIAL MARKET | ||
| 650 | _aPROPERTY-COMMERCIAL PROPERTY-OFFICE PROPERTY-OFFICE PROPERTY MARKET | ||
| 650 | _aLEICESTER | ||
| 650 | _aNORTHAMPTON | ||
| 650 | _aLINCOLN | ||
| 650 | _aMARKET HARBOROUGH | ||
| 650 | _aLUTTERWORTH | ||
| 650 | _aMANSFIELD | ||
| 650 | _aDEVELOPMENT | ||
| 650 | _aRALEIGH | ||
| 690 | _aPROPERTY-COMMERCIAL PROPERTY-COMMERCIAL PROPERTY MARKET | ||
| 942 | _n0 | ||
| 999 |
_c70786 _d70786 |
||